Statistics for NHL Stanley Cup Champions

Click here to take the quiz!

General Stats

  • This quiz has been taken 5,136 times
    (2,647 since last reset)
  • The average score is 84 of 94

Answer Stats

YearTeam% Correct
2021Tampa Bay Lightning
95%
2004Tampa Bay Lightning
95%
2020Tampa Bay Lightning
95%
2011Boston Bruins
93%
1929Boston Bruins
93%
1970Boston Bruins
93%
1972Boston Bruins
93%
1941Boston Bruins
93%
1939Boston Bruins
93%
1961Chicago Black Hawks
93%
2010Chicago Blackhawks
93%
2013Chicago Blackhawks
93%
1938Chicago Black Hawks
93%
2015Chicago Blackhawks
93%
1934Chicago Black Hawks
93%
1971Montreal Canadiens
93%
1976Montreal Canadiens
93%
1977Montreal Canadiens
93%
1969Montreal Canadiens
93%
1968Montreal Canadiens
93%
1966Montreal Canadiens
93%
1965Montreal Canadiens
93%
1956Montreal Canadiens
93%
1960Montreal Canadiens
93%
1959Montreal Canadiens
93%
1958Montreal Canadiens
93%
1957Montreal Canadiens
93%
1979Montreal Canadiens
93%
1953Montreal Canadiens
93%
1946Montreal Canadiens
93%
1944Montreal Canadiens
93%
1931Montreal Canadiens
93%
1930Montreal Canadiens
93%
1978Montreal Canadiens
93%
1973Montreal Canadiens
93%
1986Montreal Canadiens
93%
1993Montreal Canadiens
93%
1940New York Rangers
92%
1933New York Rangers
92%
1928New York Rangers
92%
1994New York Rangers
92%
1992Pittsburgh Penguins
91%
2009Pittsburgh Penguins
91%
2016Pittsburgh Penguins
91%
2017Pittsburgh Penguins
91%
1991Pittsburgh Penguins
91%
1964Toronto Maple Leafs
91%
1951Toronto Maple Leafs
91%
1949Toronto Maple Leafs
91%
1967Toronto Maple Leafs
91%
1947Toronto Maple Leafs
91%
1948Toronto Maple Leafs
91%
1962Toronto Maple Leafs
91%
1945Toronto Maple Leafs
91%
1932Toronto Maple Leafs
91%
1942Toronto Maple Leafs
91%
1963Toronto Maple Leafs
91%
1952Detroit Red Wings
90%
1937Detroit Red Wings
90%
1950Detroit Red Wings
90%
1955Detroit Red Wings
90%
2008Detroit Red Wings
90%
1943Detroit Red Wings
90%
1954Detroit Red Wings
90%
1998Detroit Red Wings
90%
2002Detroit Red Wings
90%
1936Detroit Red Wings
90%
1997Detroit Red Wings
90%
1984Edmonton Oilers
90%
1987Edmonton Oilers
90%
1988Edmonton Oilers
90%
1985Edmonton Oilers
90%
1990Edmonton Oilers
90%
2012Los Angeles Kings
90%
2014Los Angeles Kings
90%
1980New York Islanders
89%
1981New York Islanders
89%
1982New York Islanders
89%
1983New York Islanders
89%
2019St. Louis Blues
89%
2018Washington Capitals
89%
1996Colorado Avalanche
86%
2001Colorado Avalanche
86%
1999Dallas Stars
84%
2003New Jersey Devils
83%
2000New Jersey Devils
83%
1995New Jersey Devils
83%
2007Anaheim Ducks
82%
1989Calgary Flames
80%
2006Carolina Hurricanes
80%
1974Philadelphia Flyers
79%
1975Philadelphia Flyers
79%
1927Ottawa Senators
69%
1935Montreal Maroons
40%

Score Distribution

Percentile by Number Answered

Percent of People with Each Score

Your Score History

You have not taken this quiz since the last reset